Statistics for Capital Cities by Elevation Range

Click here to take the quiz!

General Stats

  • This quiz has been taken 34 times
  • The average score is 16 of 27

Answer Stats

Elevation Range (meters)Capital Cities% Correct
3,600 - 3,699La Paz
88%
2,800 - 2,899Quito | Sucre
79%
10 - 49Abu Dhabi | Baghdad | Beijing | Berlin | Buenos Aires | Cairo | Dakar | Dili | Doha | Hanoi | Helsinki | Honiara | Lisbon | London | Mogadishu | Montevideo | Oslo | Paris | Phnom Penh | Port Moresby | Porto-Novo | Reykjavík | Rome | Saint George's | Seoul | Stockholm | Tallinn | Tokyo | Vatican City | Wellington
75%
2,300 - 2,399Addis Ababa | Asmara | Thimphu
71%
100 - 199Athens | Belgrade | Bratislava | Brazzaville | Budapest | Kiev | Lima | Malabo | Minsk | Moroni | Moscow | Nicosia | Port Louis | Sao Tomé | Tirana | Vienna | Vientiane | Vilnius | Zagreb
71%
600 - 699Canberra | Damascus | Madrid | Pristina | Riyadh | San Salvador
71%
700 - 799Abuja | Bishkek | Dushanbe | Jerusalem | Yaoundé
67%
0Apia | Bandar Seri Begawan | Banjul | Basseterre | Bissau | Cape Town | Conakry | Djibouti | Funafuti | Georgetown | Kingstown | Libreville | Malé | Monaco | Monrovia | Nuku'alofa | Panama City | Port-of-Spain | Port Vila | Praia | Roseau | Saint John's | Santo Domingo | Singapore | South | Taipei | Tarawa | Suva | Tunis | Victoria
67%
1 - 9
Algiers | Bangkok | Bridgetown | Copenhagen | Dhaka | Dublin | Havana | Jakarta | Kuwait | Luanda | Majuro | Manama | Manila | Nassau | Nouakchott | Paramaribo | Pyongyang | Riga | Sri Jayawardenepura Kotte | Tripoli | Washington D.C. | Yaren
67%
2,600 - 2,699Bogotá
63%
1,700 - 1,799Kabul | Nairobi | Windhoek
63%
2,200 - 2,299Mexico City | Sanaʽa
63%
50 - 99Accra | Asunción | Beirut | Belmopan | Brussels | Bucharest | Chișinău | Cotonou | Freetown | Kingston | Kuala Lumpur | Lomé | Managua | Maputo | Muscat | Naypyidaw | Ngerulmud | Ottawa | Podgorica | Port-au-Prince | Rabat | Valletta | Warsaw
58%
900 - 999Amman | Ankara | Caracas | Gaborone | Tegucigalpa | Yerevan
58%
200 - 299Ashgabat | Castries | Kinshasa | Ljubljana | Luxembourg | N'Djamena | New Delhi Niamey | Palikir | Prague | Skopje | Yamoussoukro
58%
500 - 599Bern | Islamabad | Juba | Santiago | Sarajevo | Sofia
58%
(-100) - (-1)Amsterdam | Baku
54%
1,000 - 1,099Andorra la Vella | Brasília | Lilongwe
54%
1,400 - 1,499Harare | Kathmandu
54%
400 - 499Tashkent | Tbilisi | Vaduz
54%
300 - 399Bamako | Bangui | Khartoum | Nur-Sultan | Ouagadougou | San Marino
50%
1,500 - 1,599Gitega | Guatemala City | Kigali
50%
1,300 - 1,399Bloemfontein | Ulaanbaatar
46%
1,200 - 1,299Antananarivo | Lusaka | Mbabane | Pretoria
42%
1,100 - 1,199Dodoma | Kampala | San José
42%
1,800 - 1,899Tehran
42%
1,600 - 1,699Maseru
38%

Score Distribution

Percentile by Number Answered

Percent of People with Each Score

Your Score History

You have not taken this quiz